000 02451cam a2200289 4500500
005 20260111092626.0
041 _afre
042 _adc
100 1 0 _aIde, Pascal
_eauthor
245 0 0 _aLe burn-out : une maladie du don ?
260 _c2015.
500 _a68
520 _aLe burn-out (BO) touche aujourd’hui un pourcentage impressionnant de la population active en Occident et bon nombre de prêtres, religieux et agents pastoraux. Après avoir brossé une brève histoire de sa découverte, puis l’avoir décrit (syndrome regroupant l’épuisement émotionnel, la dépersonnalisation et la réduction de l’accomplissement personnel), ce premier article propose une grille de lecture inédite pour expliquer autant l’origine que la nature du BO : dans le contexte d’une société du trop-plein, il serait une pathologie du don de soi. Pour le montrer, il élabore un modèle de l’amour-don rythmé en trois temps : la réception, l’appropriation et la donation. Un second article l’appliquera à la pastorale des prêtres qui, pour être l’un des secteurs le plus concernés, est encore souvent l’un des plus oubliés.
520 _aToday, burnout affects a striking percentage of the active population in the West and a good number of priests, religious and pastoral workers. Having outlined a short history of its discovery and then describing it (a syndrome bringing together emotional exhaustion, depersonalisation and the reduction of personal achievement), this first article offers an original means of interpreting to explain as much the origin as the nature of burnout : in the context of a society of excess, it would be a pathology of the gift of self. To show this he works out a model of the love-gift modulated in three times : reception, appropriation and giving. A second article will apply it to the pastoral practice of priests who, while being one of the sectors most concerned, is often one of the most forgotten.
690 _aaccomplissement personnel
690 _aacédie
690 _aburn-out
690 _adonation
690 _amaladie
690 _aacedia
690 _aburnout
690 _agiving
690 _apersonal achievement
690 _asickness
786 0 _nNouvelle revue théologique | 137 | 2 | 2015-03-19 | p. 256-277 | 0029-4845
856 4 1 _uhttps://shs.cairn.info/revue-nouvelle-revue-theologique-2015-2-page-256?lang=fr&redirect-ssocas=7080
999 _c1624015
_d1624015